Online Catalogue and eLibrary

Gender, Economic Growth And Poverty: (Record no. 1576)

MARC details
000 -LEADER
fixed length control field 00578nam a2200205Ia 4500
005 - DATE AND TIME OF LATEST TRANSACTION
control field 20250115030548.0
008 - FIXED-LENGTH DATA ELEMENTS--GENERAL INFORMATION
fixed length control field 240331s9999 xx 000 0 und d
020 ## - INTERNATIONAL STANDARD BOOK NUMBER
ISBN 9062249841
082 ## - DDC Classification
Item Number - Author Mark NOE
DDC Edition Number 4022
Class No. 305.3
245 #0 - TITLE STATEMENT
Title Gender, Economic Growth And Poverty:
Remainder of title Market Growth and State Planning in Asia and the Pacific
260 ## - PUBLICATION, DISTRIBUTION, ETC.
Place of publication, distribution, etc. New Delhi
Name of publisher, distributor, etc. Kali for Women
Date of publication, distribution, etc. 1994
260 ## - PUBLICATION, DISTRIBUTION, ETC.
Place of publication, distribution, etc. Utrecht
Name of publisher, distributor, etc. International Books
Date of publication, distribution, etc. 1994
300 ## - PHYSICAL DESCRIPTION
Extent (e.g. Volumes, Pages etc.) 395 p.,
650 ## - SUBJECT ADDED ENTRY--TOPICAL TERM
Topical term or geographic name entry element Gender
650 ## - SUBJECT ADDED ENTRY--TOPICAL TERM
Topical term or geographic name entry element Poverty
650 ## - SUBJECT ADDED ENTRY--TOPICAL TERM
Topical term or geographic name entry element Economy
700 ## - ADDED ENTRY--PERSONAL NAME
Personal name Heyzer, N
Relator term (Role) Editor
700 ## - ADDED ENTRY--PERSONAL NAME
Personal name Sen, G
Relator term (Role) Editor
942 ## - Koha item type (Biblio)
Koha item type Books in Stacks (Lending)
Holdings
Lost status Damaged status Collection code Home library Current library Shelving location Date acquired Full call number Accession Number Item type
    Lending WERC Library WERC Library Social Science Cupboard 03/31/2024 305.3 GEN 4022 Books in Stacks (Lending)

© WERC Library